书目信息 |
| 题名: |
史记精选
|
|
| 作者: | 司马迁, 著 | |
| 分册: | 三 | |
| 出版信息: | 呼和浩特 内蒙古人民出版社 2010.04 |
|
| 页数: | 437-654页 | |
| 开本: | 21cm | |
| 丛书名: | 古典文化必读书系 | |
| 单 册: | ||
| 中图分类: | K204.2 | |
| 科图分类: | ||
| 主题词: | 古代史--gu dai shi--纪传体--中国 | |
| 电子资源: | ||
| ISBN: | 978-7-204-09399-1 | |
| 000 | 00791nam 2200241 450 | |
| 001 | CAL 012008121096 | |
| 005 | 20111224111004.14 | |
| 010 | @a978-7-204-09399-1@dCNY26.00 | |
| 100 | @a20080623d2010 ekmy0chiy0121 ea | |
| 101 | 0 | @achi |
| 102 | @aCN@b150000 | |
| 105 | @ay z 000yy | |
| 200 | 1 | @a史记精选@Ashi ji jing xuan@h三@f(西汉) 司马迁著 |
| 205 | @a第2版 | |
| 210 | @a呼和浩特@c内蒙古人民出版社@d2010.04 | |
| 215 | @a437-654页@d21cm | |
| 225 | 2 | @a古典文化必读书系@Agu dian wen hua bi du shu xi |
| 410 | 0 | @12001 @a古典文化必读书系 |
| 606 | 0 | @a古代史@Agu dai shi@x纪传体@y中国 |
| 690 | @aK204.2@v4 | |
| 701 | 0 | @a司马迁,@ASima Qian@f前145-前90@4著@3CAL n2004397686#@7jt0yjt0y@7ec0yec0y |
| 801 | 0 | @aCN@bZZRC@c20111224 |
| 905 | @a郑州市财税学校图书馆@dK204.2@eS7013=2:3@f3 | |
| 史记精选.三/(西汉) 司马迁著.-第2版.-呼和浩特:内蒙古人民出版社,2010.04 |
| 437-654页;21cm.-(古典文化必读书系) |
| ISBN 978-7-204-09399-1:CNY26.00 |
| ● |
| 相关链接 |
|
|
|
正题名:史记精选
索取号:K204.2/S7013=2:3
 
预约/预借
| 序号 | 登录号 | 条形码 | 馆藏地/架位号 | 状态 | 备注 |
| 1 | 1065253 | 210652532 | 社科库309/309社科库 106排5列3层/ [索取号:K204.2/S7013=2:3] | 在馆 | |
| 2 | 1065254 | 210652541 | 自科二线404/400A自科库 55排1列2层/ [索取号:K204.2/S7013=2:3] | 在馆 | |
| 3 | 1065255 | 210652550 | 社科库309/309社科库 106排5列3层/ [索取号:K204.2/S7013=2:3] | 在馆 |